Statistics for All Los Angeles Neighborhoods

Click here to take the quiz!

General Stats

  • This quiz has been taken 40 times
  • The average score is 21 of 100

Answer Stats

#NeighborhoodPop.% Correct
8Hollywood90,322
94%
11Downtown85,000
69%
15North Hollywood73,693
59%
46Venice40,885
59%
55Chinatown35,913
53%
16Koreatown72,523
50%
74Hollywood Hills20,982
47%
91Bel Air9,110
41%
52Brentwood36,964
41%
18Sherman Oaks70,176
41%
49Studio City38,237
41%
56Watts34,830
41%
53West Hollywood36,854
41%
37Encino44,581
38%
62Pacific Palisades28,000
38%
14Reseda74,363
38%
6Van Nuys102,968
38%
4Northridge108,186
31%
40Echo Park43,000
28%
35Los Feliz44,686
28%
50Tarzana37,778
28%
32Westwood47,916
28%
12Boyle Heights84,554
25%
22Canoga Park60,000
25%
45Chatsworth41,255
25%
51Porter Ranch37,035
25%
10San Pedro86,000
25%
59Silver Lake31,919
25%
96Skid Row4,757
25%
19Woodland Hills69,693
25%
78Adams-Normandie17,194
22%
58Crenshaw/Baldwin Hills32,234
22%
28Granada Hills53,266
22%
39Mid Wilshire43,484
22%
1South Los Angeles271,040
22%
76Sunland19,165
22%
93Toluca Lake7,782
22%
68Valley Village24,330
22%
81West Los Angeles14,704
22%
94Century City6,326
19%
71Del Rey22,109
19%
73Lake Balboa21,351
19%
90Leimert Park11,374
19%
87Playa Del Rey12,129
19%
34West Adams46,581
19%
31Winnetka49,158
19%
5Arleta105,799
16%
26Central City54,475
16%
21Highland Park63,911
16%
64Lincoln Heights25,651
16%
23Mar Vista59,394
16%
25Mid City55,117
16%
80Mission Hills15,056
16%
85Mount Washington12,728
16%
13Pacoima75,451
16%
17Panorama City70,686
16%
77Pico-Robertson18,614
16%
24Sun Valley55,742
16%
63Tujunga26,631
16%
30Valley Glen52,840
16%
44Westchester41,406
16%
43West Hills41,426
16%
97Beverly Glen4,341
13%
86Beverlywood12,388
13%
57Eagle Rock34,644
13%
67Glassell Park24,816
13%
54Harbor City36,000
13%
47Harbor Gateway40,169
13%
89Lake View Terrace11,722
13%
83Playa Vista14,037
13%
7Sylmar96,487
13%
69University Park23,257
13%
9Westlake86,664
13%
27Wilmington53,815
13%
66Cheviot Hills25,429
9%
33Cypress Park47,887
9%
38El Sereno43,766
9%
36Hyde Park44,627
9%
20North Hills66,590
9%
41Palms42,545
9%
42Pico-Union42,324
9%
48Sawtelle38,575
9%
61Atwater Village29,589
6%
99Elysian Park2,324
6%
92Elysian Valley8,800
6%
29Jefferson Park53,256
6%
79Montecito Heights16,497
6%
3Northeast167,924
6%
84Rancho Park13,075
6%
65Rancho Park25,429
6%
60Shadow Hills31,025
6%
2Southeast Los Angeles187,683
6%
100Terminal Island1,467
6%
72Arlington Heights21,441
3%
75Harvard Heights20,000
3%
98Hermon3,500
3%
88Magnolia Park11,842
3%
95South Carthay4,866
3%
82Sunset Park14,570
3%
70University Hills23,044
3%

Score Distribution

Percentile by Number Answered

Percent of People with Each Score

Your Score History

You have not taken this quiz